<The> Review of economic studies journal of the Society for Economic Analysis Limited

Salvato in:
Dettagli Bibliografici
Natura: Periodico
Lingua:inglese
Pubblicazione: London Longman 1979
Tags: Aggiungi Tag
Nessun Tag, puoi essere il primo ad aggiungerne!!

MARC

LEADER 00000nas2a2200000 4500
001 0017901
005 20250730114359.0
041 0 |a eng 
044 |a GB 
245 1 0 |a <The> Review of economic studies  |b journal of the Society for Economic Analysis Limited 
264 1 |a London  |b Longman  |c 1979 
300 |a 1 zv. 
773 0 |w eu_un_cat*s121088